[Event "FIDE Womens GP Lausanne 2020"]
[Site "Lausanne"]
[Date "2020.03.02"]
[Round "1.1"]
[White "Goryachkina, Aleksandra"]
[Black "Kashlinskaya, Alina"]
[Result "1/2-1/2"]
[WhiteElo "2579"]
[BlackElo "2484"]
[Annotator "TA"]
[PlyCount "69"]
[EventDate "2020.03.02"]
[EventType "tourn"]
[EventCountry "SUI"]
[SourceTitle "playchess.com"]
[Source "ChessBase"]
[SourceQuality "1"]

{[%evp 19,69,19,34,31,33,25,26,0,0,0,0,-11,7,0,0,0,0,0,0,0,13,13,20,0,0,0,0,0,0,0,0,0,0,0,0,-12,0,0,0,0,0,0,0,-8,-8,-14,0,0,0,0,0,0]} 1. d4 Nf6 2. c4 g6 3. Nc3 Bg7 4. e4 d6 5. f3 O-O 6. Be3 a6 7. Bd3 Nbd7 8. Nge2 c6 9. O-O b5 10. b3 bxc4 {was the old line (10...e5).} 11. bxc4 {E81: King's Indian: Sämisch: 6th move deviations (including 6 Be3 c6).} c5 12. Rb1 cxd4 {[#]} 13. Bxd4 $146 {White has an edge.} ({Predecessor:} 13. Nxd4 Ne5 14. Be2 Bd7 15. Nb3 a5 16. Nd5 a4 17. Nd4 Nxd5 18. cxd5 Rc8 19. Qd2 {½-½ (34) Schandorff,L (2520)-Erdogdu,M (2449) Dresden 2008}) 13... e6 {The position is equal.} 14. Na4 Qc7 15. Qc2 Ne5 16. c5 Nfd7 17. Nb6 Rb8 {[%cal Rd7c5]} 18. Nxc8 Rfxc8 19. Bxa6 Rxb1 20. Rxb1 Ra8 21. Bb7 Rb8 22. c6 Nxc6 $1 23. Bxg7 Kxg7 24. Bxc6 {[#] Strongly threatening Rxb8.} Rxb1+ 25. Qxb1 {aiming for Bxd7.} Qxc6 26. Qb2+ e5 27. Ng3 Nc5 28. h3 Nd3 29. Qd2 Nf4 30. Kh2 Qa6 31. a4 Qxa4 32. Qxd6 Qa1 {[#] White must now prevent ...Qb2!} 33. Qd2 h5 34. Ne2 Nxe2 35. Qxe2 {Accuracy: White = 94%, Black = 100%.} 1/2-1/2

[Event "FIDE Womens GP Lausanne 2020"]
[Site "Lausanne"]
[Date "2020.03.02"]
[Round "1.2"]
[White "Kosteniuk, Alexandra"]
[Black "Dzagnidze, Nana"]
[Result "1/2-1/2"]
[WhiteElo "2504"]
[BlackElo "2515"]
[Annotator "TA"]
[PlyCount "84"]
[EventDate "2020.03.02"]
[EventType "tourn"]
[EventCountry "SUI"]
[SourceTitle "playchess.com"]
[Source "ChessBase"]
[SourceQuality "1"]

{[%evp 13,84,8,2,4,8,11,13,4,10,0,0,0,11,0,8,15,9,0,0,-13,-13,0,0,-8,-4,-44,-45,-37,-40,-41,-27,-32,-35,-31,-17,-29,0,-22,0,0,0,0,0,0,0,-5,0,0,0,0,0,0,0,0,0,0,0,0,0,0,0,0,0,0,0,0,0,0,0,0,0,0,0]} 1. e4 c5 2. Nf3 d6 3. c3 Nf6 4. Be2 g6 5. O-O Bg7 6. Bb5+ Bd7 7. Bxd7+ Nbxd7 ({Much worse is} 7... Kxd7 $6 8. Qb3 $16) 8. Re1 {B50: Sicilian: 2...d6, Miscellaneous.} Ne5 9. d4 Nxf3+ 10. Qxf3 Nd7 {[#]} 11. Rd1 $146 ({Predecessor:} 11. dxc5 Nxc5 12. Nd2 Qb6 13. Nc4 Qc6 14. Qe2 Rc8 15. f3 O-O 16. Ne3 e6 17. Nc2 {0-1 (39) Cukrowski,F (2424)-Zakhartsov,V (2518) Suwalki 2019}) 11... O-O 12. Be3 cxd4 13. cxd4 Nb6 14. Nc3 Rc8 15. Bf4 Qd7 16. b3 f5 {[#] Strongly threatening ...fxe4.} 17. Rac1 $1 fxe4 18. Qxe4 Qg4 19. Be3 Qxe4 20. Nxe4 Nd5 21. h4 Nxe3 22. fxe3 Bh6 23. Ng5 Bxg5 24. hxg5 $15 {[%mdl 4096] Endgame KRR-KRR} Kg7 25. a4 {The position is equal.} h6 26. gxh6+ Kxh6 27. Kh2 a5 28. Kg3 Kg5 29. Rh1 d5 30. Rhf1 Rxf1 31. Rxc8 $11 {KR-KR} Rb1 32. Rc5 Rxb3 33. Rxd5+ Kf6 34. Rxa5 Rxe3+ 35. Kf4 Rd3 36. Ke4 Rg3 37. Rb5 Rg4+ 38. Ke3 Rxg2 39. Rb6+ Kf5 40. Rb5+ Kf6 41. Rb6+ Kf5 42. Rb5+ Kf6 {Accuracy: White = 96%, Black = 97%.} 1/2-1/2

[Event "FIDE Womens GP Lausanne 2020"]
[Site "Lausanne"]
[Date "2020.03.02"]
[Round "1.3"]
[White "Abdumalik, Zhansaya"]
[Black "Ju, Wenjun"]
[Result "1/2-1/2"]
[WhiteElo "2471"]
[BlackElo "2583"]
[Annotator "TA"]
[PlyCount "65"]
[EventDate "2020.03.02"]
[EventType "tourn"]
[EventCountry "SUI"]
[SourceTitle "playchess.com"]
[Source "ChessBase"]
[SourceQuality "1"]

{[%evp 16,65,20,16,22,13,22,7,31,31,29,34,29,33,37,38,38,40,39,28,33,38,35,17,28,18,23,29,22,5,11,0,0,0,0,0,0,0,15,6,0,9,5,0,4,0,11,0,0,0,0,0]} 1. e4 e5 2. Nf3 Nc6 3. Bb5 Nf6 4. O-O Nxe4 5. Re1 Nd6 6. Nxe5 Be7 7. Bf1 Nxe5 8. Rxe5 O-O 9. d4 Ne8 {C67: Ruy Lopez: Berlin Defence: 4 0-0 Nxe4.} 10. d5 Bc5 11. Qf3 {[#]} Qf6 $146 ({Predecessor:} 11... d6 12. Re2 Qf6 13. Qg3 Qg6 14. Qxg6 fxg6 15. Be3 Bxe3 16. Rxe3 Nf6 17. Nc3 a6 {½-½ (36) Stany,G (2507)-Sargissian,G (2689) Sharjah 2019}) 12. Rf5 $1 {[%cal Rf5f6]} Qe7 13. Nc3 d6 14. Rf4 $1 f5 15. b4 Bb6 $1 16. Na4 $1 Nf6 17. Nxb6 axb6 18. Bb2 Bd7 19. Qd3 Ng4 20. a3 Ne5 21. Qc3 Rac8 22. Re1 {The position is equal.} Rfe8 23. Qg3 Qf7 {Strongly threatening ...Nf3+!} 24. Rd1 Ng6 25. Rfd4 f4 26. Qc3 Re7 27. Re1 Rxe1 28. Qxe1 Bf5 29. Qc3 Re8 30. Rd1 Re7 31. f3 Ne5 32. Qd2 Qg6 {[#] White must now prevent ...Nxf3+.} 33. Bxe5 {Accuracy: White = 100%, Black = 100%.} 1/2-1/2

[Event "FIDE Womens GP Lausanne 2020"]
[Site "Lausanne"]
[Date "2020.03.02"]
[Round "1.4"]
[White "Stefanova, Antoaneta"]
[Black "Sebag, Marie"]
[Result "1/2-1/2"]
[WhiteElo "2469"]
[BlackElo "2443"]
[Annotator "TA"]
[PlyCount "67"]
[EventDate "2020.03.02"]
[EventType "tourn"]
[EventCountry "SUI"]
[SourceTitle "playchess.com"]
[Source "ChessBase"]
[SourceQuality "1"]

{[%evp 15,67,14,31,20,16,7,6,0,14,14,14,14,14,14,14,14,19,9,26,0,0,0,0,0,12,0,0,0,6,0,0,8,39,28,30,34,37,29,29,22,37,34,27,0,0,0,-3,-2,-8,-4,-4,-27,-22,-56]} 1. d4 d5 2. c4 c6 3. Nf3 Nf6 4. e3 Bf5 5. Nc3 e6 6. Nh4 Be4 7. f3 Bg6 8. Qb3 Qc7 9. Bd2 {D12: Slav Defence: 3 Nf3 Nf6 4 e3 Bf5.} Be7 10. O-O-O dxc4 11. Bxc4 b5 12. Be2 ({Don't blunder} 12. Nxg6 $2 bxc4 13. Qxc4 (13. Nb5 $2 Qd7 $19) 13... hxg6 $19) 12... a6 13. Nxg6 hxg6 14. Ne4 Nxe4 15. fxe4 c5 16. Kb1 Nc6 17. d5 exd5 18. exd5 Ne5 19. h4 Bd6 20. g4 {[#]} Qd7 $146 ({Predecessor:} 20... Qe7 21. g5 {½-½ (21) Fuller,W (2429)-Figlio,G (2494) ICCF email 2018}) 21. h5 g5 22. Qc2 Kf8 23. Rdf1 Re8 24. e4 Qe7 $1 25. Rf5 f6 26. Bxg5 $1 Nf7 27. Bd2 Qxe4 28. Qxe4 Rxe4 29. Bd1 (29. Bf3 $5 {[%cal Rf3e4]} Re5 30. Rxe5 Bxe5 31. Re1 $11) 29... Ke7 30. g5 Nxg5 31. Bxg5 fxg5 32. Rxg5 Be5 $1 33. Rg6 Rh6 34. Rxh6 {Accuracy: White = 82%, Black = 96%.} 1/2-1/2

[Event "FIDE Womens GP Lausanne 2020"]
[Site "Lausanne"]
[Date "2020.03.02"]
[Round "1.5"]
[White "Harika, Dronavalli"]
[Black "Cramling, Pia"]
[Result "1/2-1/2"]
[WhiteElo "2518"]
[BlackElo "2470"]
[Annotator "TA"]
[PlyCount "73"]
[EventDate "2020.03.02"]
[EventType "tourn"]
[EventCountry "SUI"]
[SourceTitle "playchess.com"]
[Source "ChessBase"]
[SourceQuality "1"]

{[%evp 20,73,37,40,35,23,48,35,35,33,52,39,45,11,14,0,16,0,24,20,24,16,20,17,22,19,22,28,29,28,28,28,81,21,44,41,51,17,34,39,45,19,52,51,52,28,28,0,44,28,30,0,30,0,28,0]} 1. d4 Nf6 2. c4 e6 3. Nf3 d5 4. Bg5 h6 5. Bxf6 Qxf6 6. Nc3 c6 7. g3 Nd7 8. Bg2 Qd8 9. O-O Be7 10. e4 dxe4 11. Nxe4 O-O {D43: Semi-Slav: 5 Bg5 h6.} 12. Re1 {[#]} Qc7 $146 ({Predecessor:} 12... b6 13. d5 exd5 14. cxd5 Bb7 15. d6 Bf6 16. Nxf6+ Qxf6 17. Re7 Rad8 18. Qd4 Ba8 19. Rd1 {1-0 (32) Dreev,A (2711)-Zhukova,N (2412) Baku 2011}) 13. Rc1 Rd8 {White is slightly better.} 14. Qe2 Nf6 15. a3 Bd7 16. b4 Be8 17. Nc5 Bf8 18. Ne4 Be7 19. Red1 a5 20. Nxf6+ Bxf6 21. c5 axb4 22. axb4 Ra4 23. Rb1 b6 24. Qc2 Rda8 25. h4 Qb8 {[#]} (25... b5 $11 {remains equal.}) 26. Bf1 (26. Ne5 $1 $16 {[%mdl 512]}) 26... bxc5 27. bxc5 Rb4 28. Rxb4 Qxb4 29. Rb1 Qa3 30. Bg2 h5 31. Kh2 g6 32. Ne5 Rd8 33. Nf3 Kg7 34. Qc4 Ra8 35. Qc2 Rd8 36. Qc4 Ra8 37. Qc2 {Accuracy: White = 75%, Black = 82%.} 1/2-1/2

[Event "FIDE Womens GP Lausanne 2020"]
[Site "Lausanne"]
[Date "2020.03.02"]
[Round "1.6"]
[White "Muzychuk, Anna"]
[Black "Muzychuk, Mariya"]
[Result "1/2-1/2"]
[WhiteElo "2539"]
[BlackElo "2552"]
[Annotator "TA"]
[PlyCount "32"]
[EventDate "2020.03.02"]
[EventType "tourn"]
[EventCountry "SUI"]
[SourceTitle "playchess.com"]
[Source "ChessBase"]
[SourceQuality "1"]

{[%evp 21,32,3,19,0,0,0,0,0,0,0,0,0,0]} 1. e4 e5 2. Nf3 Nc6 3. Bb5 Nf6 4. O-O Nxe4 5. d4 Nd6 6. Bxc6 dxc6 7. dxe5 Nf5 8. Qxd8+ Kxd8 9. Rd1+ Ke8 10. Nc3 Be7 11. h3 Nh4 {The position is equal.} 12. Nd4 {C67: Ruy Lopez: Berlin Defence: 4 0-0 Nxe4.} Nf5 {[#]} 13. Nde2 $5 $146 {[%mdl 8] An interesting novelty.} ({Predecessor:} 13. Nce2 Nxd4 14. Nxd4 a6 15. c4 h5 16. Bf4 g5 17. Bh2 Rh6 18. Rd2 Rg6 19. Rad1 c5 20. Nc2 g4 21. hxg4 Bxg4 22. Rf1 Bf3 23. Ne1 {0-1 (51) Lagarde,M (2580)-Heimann,A (2571) Deizisau 2016}) 13... Nh4 14. Nd4 Nf5 15. Nde2 Nh4 16. Nd4 Nf5 {Not much happened in this game.} 1/2-1/2

[Event "FIDE Womens GP Lausanne 2020"]
[Site "Lausanne"]
[Date "2020.03.03"]
[Round "2.1"]
[White "Kashlinskaya, Alina"]
[Black "Muzychuk, Mariya"]
[Result "1/2-1/2"]
[WhiteElo "2484"]
[BlackElo "2552"]
[Annotator "TA"]
[PlyCount "60"]
[EventDate "2020.03.02"]
[EventType "tourn"]
[EventCountry "SUI"]
[SourceTitle "playchess.com"]
[Source "ChessBase"]
[SourceQuality "1"]

{[%evp 12,60,32,16,18,24,22,25,21,21,12,6,13,16,24,16,24,6,18,6,0,0,5,0,0,2,8,0,0,0,0,0,0,0,0,0,4,4,4,0,0,0,0,0,0,0,0,0,0,0,0]} 1. d4 d5 2. c4 c6 3. Nf3 Nf6 4. Nc3 e6 5. Bg5 h6 6. Bxf6 Qxf6 7. Qb3 Qe7 {D43: Semi-Slav: 5 Bg5 h6.} 8. e4 {[%cal Re4d5]} dxe4 9. Nxe4 Qb4+ {White has an edge.} 10. Qc3 Nd7 11. O-O-O Qxc3+ 12. Nxc3 Bb4 13. Kc2 b6 {[#]} 14. Be2 $146 ({Predecessor:} 14. Ne5 Bxc3 15. Kxc3 c5 16. Nxd7 cxd4+ 17. Rxd4 Bxd7 18. Be2 Bc6 19. Bf3 Bxf3 20. gxf3 {1-0 (31) Hakobyan,A (2497)-Wen,Y (2608) Moscow 2018}) 14... Bb7 {The position is equal.} 15. Ne5 Nxe5 16. dxe5 Bxc3 17. Kxc3 c5 18. Rhg1 Ke7 19. g3 Rad8 20. Rxd8 Rxd8 21. Rd1 Rxd1 22. Bxd1 $11 {[%mdl 4096] Endgame KB-KB} f6 23. f4 fxe5 24. fxe5 Be4 25. a3 Kf7 26. Bh5+ Bg6 27. Bf3 Bb1 28. Bh5+ Bg6 29. Bf3 Bb1 30. Bh5+ Bg6 {A rather calm draw. Accuracy: White = 100%, Black = 100%.} 1/2-1/2

[Event "FIDE Womens GP Lausanne 2020"]
[Site "Lausanne"]
[Date "2020.03.03"]
[Round "2.2"]
[White "Cramling, Pia"]
[Black "Muzychuk, Anna"]
[Result "1/2-1/2"]
[WhiteElo "2470"]
[BlackElo "2539"]
[Annotator "TA"]
[PlyCount "136"]
[EventDate "2020.03.02"]
[EventType "tourn"]
[EventCountry "SUI"]
[SourceTitle "playchess.com"]
[Source "ChessBase"]
[SourceQuality "1"]

{[%evp 9,136,29,31,0,-4,-4,-12,-4,0,0,6,6,3,0,12,0,8,-35,-41,-37,-33,-56,-27,-23,-18,-22,-20,-23,-29,-30,-19,-57,-49,-56,-65,-44,-28,-28,-19,-51,-36,-43,-31,-41,-36,-57,-57,-77,-58,-58,-58,-58,-58,-54,-54,-54,-54,-75,-74,-72,-58,-97,-97,-104,-104,-104,-104,-104,-104,-104,-104,-122,-104,-104,-104,-104,-104,-104,-104,-104,-104,-134,-125,-134,-118,-123,-123,-125,-104,-104,-104,-118,-118,-118,-118,-118,-118,-118,-118,-118,-118,-118,-118,-118,-118,-118,-118,-133,-118,-118,-118,-118,-118,-118,-118,-118,-114,-114,-114,-116,-118,-118,-118,-118,-118,-118,-118,-118,-118]} 1. d4 Nf6 2. Nf3 g6 3. c4 Bg7 4. Nc3 d5 5. Bg5 Ne4 6. h4 {D91: Grünfeld: 4 Nf3 Bg7 5 Bg5.} ({But not} 6. Nxd5 $2 Nxg5 7. Nxg5 e6 $19) 6... Nxg5 7. hxg5 dxc4 8. Qa4+ {The position is equal.} c6 9. Qxc4 Be6 10. Qa4 Nd7 {[%cal Bb8d7,Bd7b6,Bb6d5,Bd5c3][%mdl 32]} 11. e3 {[#]} Nb6 $146 ({Predecessor:} 11... O-O 12. Rh4 c5 13. Rd1 Nb6 14. Qc2 cxd4 15. Nxd4 Bd7 16. Qe4 Na4 17. Qxb7 Rb8 18. Qxa7 Nxb2 {0-1 (33) Moranda,W (2593)-Vachier Lagrave,M (2780) chess.com INT 2019}) 12. Qc2 Nd5 13. e4 Nxc3 14. bxc3 Qa5 15. Be2 c5 {[#] White must now prevent ...cxd4.} 16. O-O cxd4 17. cxd4 O-O 18. Qb2 b6 19. a4 Rac8 20. Rfd1 Rfd8 21. Bb5 Bg4 22. e5 Qc3 23. Qxc3 Rxc3 24. Be2 Rb3 25. a5 Rb4 26. axb6 axb6 27. Ra7 e6 28. Rb7 Bxf3 29. Bxf3 Rbxd4 30. Rxd4 Rxd4 $17 {[%mdl 4096] Endgame KRB-KRB} 31. Rb8+ Bf8 32. Rxb6 Bc5 33. Rc6 Be7 34. g3 Bxg5 35. Rc2 h5 36. Kg2 h4 37. gxh4 Bxh4 38. Re2 Bg5 39. Bb7 Rb4 40. Bc6 Rc4 41. Bb7 Bf4 42. Re4 Rxe4 43. Bxe4 Bxe5 {KB-KB} 44. Bc6 Kg7 45. Ba4 Bc7 46. Bb5 Kf6 47. Be8 Ke7 48. Ba4 g5 49. f3 Bb6 50. Bb5 Kd6 51. Be8 f5 52. Ba4 Ke5 53. Bb3 Be3 54. Bc4 Kf6 55. Bb3 Bf4 56. Kh3 Bd6 57. Bc2 Bb4 58. Kg2 Be1 59. Kh3 {Black is better.} Bc3 60. Bb1 e5 61. Bc2 Be1 62. Bd3 {[#]} e4 $1 63. fxe4 g4+ 64. Kg2 f4 {...f3+ is the strong threat.} 65. Be2 Kg5 66. Bd1 Bc3 67. Be2 Bd4 68. Bd1 Kh4 {Accuracy: White = 89%, Black = 98%.} 1/2-1/2

[Event "FIDE Womens GP Lausanne 2020"]
[Site "Lausanne"]
[Date "2020.03.03"]
[Round "2.3"]
[White "Sebag, Marie"]
[Black "Harika, Dronavalli"]
[Result "1/2-1/2"]
[WhiteElo "2443"]
[BlackElo "2518"]
[Annotator "TA"]
[PlyCount "60"]
[EventDate "2020.03.02"]
[EventType "tourn"]
[EventCountry "SUI"]
[SourceTitle "playchess.com"]
[Source "ChessBase"]
[SourceQuality "1"]

{[%evp 9,60,25,23,19,29,17,60,61,71,29,70,73,79,81,77,75,97,103,112,103,113,98,101,96,102,92,88,75,91,92,87,62,93,75,98,57,58,63,63,63,61,58,52,26,31,12,11,9,13,0,0,-3,-3]} 1. e4 c5 2. Nf3 d6 3. Bb5+ Nd7 4. O-O a6 5. Bd3 Ngf6 6. c3 {B51: Sicilian: Moscow Variation (3 Bb5+) without 3...Bd7.} b5 7. a4 c4 {7...Bb7 is more advanced technology. Played by Ian Nepomniachtchi in November 2019.} 8. Be2 {White is slightly better.} Bb7 {[#]} 9. axb5 $1 axb5 10. Rxa8 Qxa8 {[#]} 11. Na3 $1 {[#]} Bxe4 $146 ({Predecessor:} 11... Bc6 12. Nd4 Qb7 13. Nxc6 Qxc6 14. b3 g6 15. bxc4 bxc4 16. Bxc4 Bg7 17. f3 O-O {½-½ (47) Lahav,M (2151)-Golubovskis,M (2049) Vilnius 2018}) 12. Nxb5 {Black must now prevent Nc7+.} Qa5 13. Bxc4 d5 14. Be2 Bxf3 15. gxf3 e6 16. d4 Be7 17. Bf4 O-O 18. Qa1 Ra8 19. Qxa5 Rxa5 20. Rb1 Ra2 21. Kf1 Nh5 22. Be3 g5 23. c4 dxc4 24. Bxc4 Ra5 25. b4 $36 {[%mdl 2048] White has some pressure.} Ra4 26. d5 exd5 $1 27. Bxd5 {With the idea Nd4.} Nf4 {The position is equal.} 28. Bxf4 gxf4 29. Nc3 Rxb4 30. Rxb4 Bxb4 {Accuracy: White = 90%, Black = 88%.} 1/2-1/2

[Event "FIDE Womens GP Lausanne 2020"]
[Site "Lausanne"]
[Date "2020.03.03"]
[Round "2.4"]
[White "Ju, Wenjun"]
[Black "Stefanova, Antoaneta"]
[Result "1/2-1/2"]
[WhiteElo "2583"]
[BlackElo "2469"]
[Annotator "TA"]
[PlyCount "60"]
[EventDate "2020.03.02"]
[EventType "tourn"]
[EventCountry "SUI"]
[SourceTitle "playchess.com"]
[Source "ChessBase"]
[SourceQuality "1"]

{[%evp 20,60,31,17,21,9,6,12,5,6,9,20,24,-2,-4,0,0,0,0,0,0,0,0,0,0,0,0,0,0,0,0,0,0,0,0,0,0,0,0,0,0,0,0]} 1. d4 Nf6 2. c4 g6 3. Nc3 d5 4. cxd5 Nxd5 5. e4 Nxc3 6. bxc3 Bg7 7. Nf3 c5 8. Be3 Qa5 9. Qd2 O-O 10. Rc1 cxd4 11. cxd4 Qxd2+ {D85: Exchange Grünfeld: Unusual White 7th moves and lines with 7 Nf3.} 12. Bxd2 Bg4 13. Rc7 Bxf3 14. gxf3 Nc6 15. d5 ({Reject} 15. Rxb7 Nxd4 16. Be3 Rab8 $17) 15... Nd4 16. Be2 ({Much worse is} 16. Rxb7 Rfb8 $15) 16... e6 {[#] The position is equal.} 17. dxe6 $146 ({Predecessor:} 17. d6 Be5 18. Rxb7 Bxd6 19. Bc3 Nxe2 20. Kxe2 Rfc8 21. Rd1 Rxc3 22. Rxd6 {0-1 (54) Mijatovic,M-Schaffarth,P (2195) Duesseldorf 1997}) 17... fxe6 18. Rxb7 Rab8 19. Rxb8 Rxb8 20. Bd1 Rb1 21. f4 Nf3+ 22. Ke2 Nxd2 23. Kxd2 $11 {[%mdl 4096] Endgame KRB-KRB} Ra1 24. Ke3 Kf7 25. f5 gxf5 26. exf5 exf5 27. Bb3+ Kg6 28. Rxa1 Bxa1 29. f4 Kf6 30. Kf3 Bc3 {A rather calm draw. Accuracy: White = 92%, Black = 100%.} 1/2-1/2

[Event "FIDE Womens GP Lausanne 2020"]
[Site "Lausanne"]
[Date "2020.03.03"]
[Round "2.5"]
[White "Dzagnidze, Nana"]
[Black "Abdumalik, Zhansaya"]
[Result "1-0"]
[WhiteElo "2515"]
[BlackElo "2471"]
[Annotator "TA"]
[PlyCount "61"]
[EventDate "2020.03.02"]
[EventType "tourn"]
[EventCountry "SUI"]
[SourceTitle "playchess.com"]
[Source "ChessBase"]
[SourceQuality "1"]

{[%evp 10,61,8,0,4,0,31,33,33,40,43,35,57,63,91,83,105,102,110,100,141,114,150,112,230,212,367,373,497,466,1125,1141,1143,1133,1144,1132,1112,1116,1098,1097,1370,1329,1533,1512,3054,2988,2886,2789,2432,2418,29988,29989,29989,29990]} 1. d4 Nf6 2. Nf3 g6 3. Bf4 Bg7 4. e3 c5 5. c3 Qb6 6. Qb3 O-O {was the old line (6...d6). A48: 1 d4 Nf6 2 Nf3 g6: Torre, London and Colle Systems.} 7. Nbd2 d5 8. Be2 Qa5 {White is slightly better.} 9. a4 Nc6 10. h3 {[#]} h6 $146 ({Predecessor:} 10... a6 11. O-O c4 12. Qa3 Bf5 13. b4 Qd8 14. Qb2 b5 15. axb5 axb5 16. Rxa8 Qxa8 17. Ra1 {½-½ (28) Zabystrzan,P (2185)-Molenda,M (2416) Orlova 2017}) 11. O-O $36 {[%mdl 2048] White fights for an advantage.} cxd4 12. exd4 g5 {[#]} 13. Bh2 $1 a6 14. Bd3 Nh5 15. Rae1 Nf4 16. Bb1 Re8 (16... Ng6 $16 {was worth a try.}) 17. h4 $18 ({But not} 17. Bxf4 $6 gxf4 18. Qc2 Kf8 $16) 17... f6 $2 (17... Bg4 {is a better defense.} 18. hxg5 hxg5) 18. hxg5 fxg5 19. Qc2 Qb6 (19... e5 $142 20. Qh7+ Kf8 21. Bxf4 gxf4) 20. Bxf4 gxf4 21. Nh4 Qc7 22. Qh7+ Kf8 23. Ndf3 e6 24. Bg6 Bd7 25. Bh5 Ne7 26. Ne5 Red8 27. Nhg6+ Nxg6 28. Nxg6+ Kf7 29. Nxf4+ {[%mdl 64] [#] Discovered Attack} Kf8 30. Ng6+ Kf7 31. Re3 {Black did not feel at home in the position after the opening. Accuracy: White = 88%, Black = 37%.} 1-0

[Event "FIDE Womens GP Lausanne 2020"]
[Site "Lausanne"]
[Date "2020.03.03"]
[Round "2.6"]
[White "Goryachkina, Aleksandra"]
[Black "Kosteniuk, Alexandra"]
[Result "1-0"]
[WhiteElo "2579"]
[BlackElo "2504"]
[Annotator "TA"]
[PlyCount "107"]
[EventDate "2020.03.02"]
[EventType "tourn"]
[EventCountry "SUI"]
[SourceTitle "playchess.com"]
[Source "ChessBase"]
[SourceQuality "1"]

{[%evp 21,107,0,15,0,5,14,26,24,29,19,11,8,12,6,43,56,49,48,63,26,39,22,32,23,29,29,120,125,244,250,247,250,255,238,244,235,229,181,202,192,217,167,167,138,130,137,247,181,177,167,167,167,171,167,185,183,198,193,226,227,262,262,272,266,265,240,537,318,537,537,537,537,633,632,618,529,29954,29957,29953,29948,5069,2842,2301,2004,2816,2519,29976,29977]} 1. d4 Nf6 2. c4 e6 3. Nf3 b6 4. g3 Bb7 5. Bg2 Be7 6. O-O O-O 7. Nc3 Ne4 8. Bd2 d5 9. cxd5 exd5 10. Bf4 c5 11. Rc1 Nd7 12. dxc5 {aiming for c6. E18: Queen's Indian: Old Main Line (4 g3 Bb7 5 Bg2 Be7 6 0-0 0-0 7 Nc3).} Ndxc5 13. Be5 {[#]} f6 $146 ({Predecessor:} 13... Qd7 14. Bd4 Rac8 15. Rc2 Qf5 16. Be3 Bf6 17. Nb5 Qd7 18. Nbd4 Na6 19. Rxc8 Rxc8 {½-½ (65) Moroni,L (2556)-Nayhebaver,M (2471) Le Castella 2018}) 14. Bd4 {White has an edge.} Qd7 15. Rc2 Rac8 16. Qb1 Ne6 17. Rd1 Nxd4 18. Nxd4 f5 19. e3 Bf6 20. Nce2 Rc5 21. Nb3 Rxc2 22. Qxc2 Rc8 23. Qb1 Rc4 (23... g6 $11 {remains equal.}) 24. Nd2 $1 $16 {[%cal Rd2c4]} Rb4 (24... Nxd2 $16 {might work better.} 25. Rxd2 a5) 25. Nxe4 $18 fxe4 {[#]} 26. b3 $1 {[%cal Bb2b3,Bb3b4][%mdl 32]} Qe7 {[#]} 27. a3 $1 {[%cal Ra3b4]} Rb5 28. b4 d4 29. Nxd4 Re5 30. Qc2 Qd7 31. Rc1 Re7 32. Nc6 Bxc6 33. Qxc6 Qd3 (33... Qxc6 $16 {keeps fighting.} 34. Rxc6 Kf7) 34. Bf1 Qd7 35. Qxd7 Rxd7 {[%mdl 4096] Endgame KRB-KRB} 36. Rc4 Re7 37. b5 Bb2 38. a4 {[%cal Ba3a4,Ba4a5,Ba5a6][%mdl 32]} Ba3 39. Bg2 Bc5 40. Bxe4 Rd7 41. a5 g6 42. a6 Kf7 43. Bb7 Rd1+ 44. Kg2 Rb1 $2 (44... Rd6 {is a better defense.} 45. e4 Kf6) 45. Bc6 Rb2 46. Re4 g5 47. h4 gxh4 48. gxh4 Rb4 49. Rxb4 Bxb4 50. h5 Bc5 51. Kf3 Kf6 52. Ke4 Ke6 53. f4 h6 54. Kf3 {Accuracy: White = 86%, Black = 53%.} 1-0